LIBRARY & INFORMATION CENTRE, KCAET, TAVANUR

ONLINE PUBLIC ACCESS CATALOGUE (OPAC)

Hindi sevi sansar / (Record no. 7988)

MARC details
000 -LEADER
fixed length control field 00434cam a2200181ua 4500
041 ## - LANGUAGE CODE
Language code of text/sound track or separate title hin
082 ## - DEWEY DECIMAL CLASSIFICATION NUMBER
Classification number 891.54
Item number PRE/HI
100 ## - MAIN ENTRY--AUTHOR NAME
Personal name Prem Narayan, Tandon .
245 ## - TITLE STATEMENT
Title Hindi sevi sansar /
250 ## - EDITION STATEMENT
Edition statement 2 /
260 ## - PUBLICATION, DISTRIBUTION, ETC. (IMPRINT)
Place of publication Lucknow :
Name of publisher Vidya Mandir ,
Year of publication 1951.
300 ## - PHYSICAL DESCRIPTION
Number of Pages 646 ; .
942 ## - ADDED ENTRY ELEMENTS (KOHA)
Koha item type Books
Holdings
Withdrawn status Lost status Damaged status Home library Current library Date acquired Full call number Accession Number Koha item type
Withdrawn     KAUAET Sanskrit University 07/04/2012 891.54 2910 Books
free website counter